Triple-Letter Cartoons (A-Z) Quiz Stats

 Plays Quiz not verified by Sporcle

Also try: JJ Abrams Shows
Challenge
Share
Tweet
Some characters require both first and last names.
Score 0/22 Timer 04:00
0 Plays Today
Description Character % Correct
Flintstone's Next Door NeighbourBarney Rubble
87.8%
Often uses the phrase 'Zoinks!'Shaggy Rogers
65.3%
One-Eyed Futurama MutantTuranga Leela
64.3%
Bird who dodges ACME TrapsRoadrunner
64.3%
Saxophone-Playing SpringfieldianiteLisa Simpson
59.2%
French Walter Bros. SkunkPepe Le Pew
58.2%
Pinocchio's Top Hat-wearing sidekickJiminy Cricket
57.1%
Green Powerpuff GirlButtercup Utonium
57.1%
Poor Tempered Disney BirdDonald Duck
54.1%
Orange Parka-ed ColoradanKenny McCormick
51%
'Rocky and His Friends' ElkBullwinkle J. Moose
44.9%
Description Character % Correct
Crustacean Restaurant OwnerEugene Krabs
40.8%
Walter Lantz screwball BirdWoody Woodpecker
32.7%
Publisher of the Daily BugleJ. Jonah Jameson
28.6%
Studies at Kuzco AcademyKronk Pepikrankenitz
25.5%
Known as 'The Fastest Thing Alive'Sonic the Hedgehog
23.8%
Uses the Omnitrix to transform into aliensBenjamin Tennyson
23.5%
Lives in a cave just off of Sesame StreetMr. Snuffleupagus
22.4%
Mickey's second arch-enemyMortimer Mouse
21.4%
Deceased Family Guy StepfatherFrancis Griffin
19.4%
Brother Bear 2 CharacterAunt Taqqiq
2%
Creator and writer of 'Horsin' Around'Herb Kazzaz
0%

You're not logged in!

Compare scores with friends on all Sporcle quizzes.
Join for Free
OR
Log In

You Might Also Like...

Show Comments

Extras

Top Quizzes Today


Score Distribution

Your Account Isn't Verified!

In order to create a playlist on Sporcle, you need to verify the email address you used during registration. Go to your Sporcle Settings to finish the process.

Report this User

Report this user for behavior that violates our Community Guidelines.

Details: